[Event "14. Lichtenberger Sommer"]
[Site "14. Lichtenberger Sommer"]
[Date "2015.08.22"]
[Round "8.101"]
[White "Wahner, Eberhard"]
[Black "Schröder, Ralf"]
[Result "0-1"]
[WhiteElo "1350"]
[BlackElo "1672"]
[PlyCount "128"]
[EventDate "2015.??.??"]
[WhiteTeam "SC Eintracht Berlin e.V."]
[BlackTeam "Potsdamer SV Mitte e.V."]

1. c4 Nf6 2. Nc3 e6 3. g3 d5 4. cxd5 exd5 5. d4 Bf5 6. Bg2 c6 7. Nf3 Bd6 8. e3
O-O 9. O-O Qc8 10. Re1 Nbd7 11. Ng5 h6 12. Nh3 Ne4 13. Nf4 Ndf6 14. f3 Nxc3 15.
bxc3 g5 16. Nd3 Bh7 17. e4 dxe4 18. fxe4 Bc7 19. Nf2 Bb6 20. Kh1 Qe6 21. Bd2
Rad8 22. e5 Nd7 23. Ne4 Bxe4 24. Bxe4 f5 25. Bg2 Rf7 26. Rc1 Nf8 27. Qe2 Qxa2
28. Rcd1 Qe6 29. Rf1 Ng6 30. Qh5 Kg7 31. h4 Rh8 32. Kg1 Qxe5 33. Qf3 g4 34. Qd3
Qf6 35. Be4 Ne5 36. Qe2 Qg6 37. Bc2 Nf3+ 38. Kg2 Rhf8 39. Bf4 Bc7 40. Be5+ Nxe5
41. dxe5 Re7 42. Qe3 Bxe5 43. Qc5 Qe8 44. Bxf5 h5 45. Qe3 Bf6 46. Qc1 Re2+ 47.
Kh1 Qe3 48. Rd3 Qxc1 49. Rxc1 Rfe8 50. Rdd1 R8e3 51. Rd7+ Re7 52. Rdd1 R2e3 53.
Kg2 Rxc3 54. Rb1 b6 55. Rd6 c5 56. Rbd1 Rf3 57. Be6 Be5 58. Rd7 Rxg3+ 59. Kf1
Rf3+ 60. Kg2 Kf6 61. Bc4 Bd4 62. Rd6+ Kg7 63. Rd2 Re1 64. Rd7+ Kf8 0-1

[Event "14. Lichtenberger Sommer"]
[Site "14. Lichtenberger Sommer"]
[Date "2015.08.22"]
[Round "8.102"]
[White "Ollek, Karl-Heinz"]
[Black "Stoffel, Patrick"]
[Result "1-0"]
[WhiteElo "1726"]
[BlackElo "1310"]
[PlyCount "72"]
[EventDate "2015.??.??"]
[WhiteTeam "SC Friesen Lichtenberg"]
[BlackTeam "vereinslos"]

1. Nf3 Nf6 2. c4 g6 3. Nc3 Bg7 4. d4 c5 5. e3 O-O 6. Be2 cxd4 7. exd4 b6 8. O-O
Bb7 9. Be3 d5 10. c5 bxc5 11. dxc5 Nc6 12. Nb5 a6 13. Nbd4 Qc7 14. Bg5 e5 15.
Nxc6 Bxc6 16. Bxf6 Bxf6 17. Rc1 e4 18. Nd4 Be5 19. g3 f5 20. Ne6 Qb7 21. Nxf8
Rxf8 22. Rc2 f4 23. f3 fxg3 24. hxg3 Bxg3 25. fxe4 Re8 26. exd5 Bxd5 27. Qxd5+
Qxd5 28. Bc4 Bh2+ 29. Kxh2 Re2+ 30. Bxe2 Qe5+ 31. Kh3 Qe6+ 32. Bg4 Qe3+ 33. Rf3
Qe5 34. c6 h5 35. Bd7 Qe4 36. Rcf2 Qg4+ 1-0

[Event "14. Lichtenberger Sommer"]
[Site "14. Lichtenberger Sommer"]
[Date "2015.08.22"]
[Round "8.103"]
[White "Schreiber, Wilfried"]
[Black "Ho, Ngoc Hai-Dang"]
[Result "1/2-1/2"]
[WhiteElo "1481"]
[BlackElo "1264"]
[PlyCount "36"]
[EventDate "2015.??.??"]
[WhiteTeam "SC Rochade (Berlin)"]
[BlackTeam "Schachunion Berlin"]

1. e4 e5 2. Nf3 Nc6 3. Bb5 a6 4. Ba4 d6 5. O-O Nf6 6. Re1 b5 7. Bb3 Be6 8. c3
Nd7 9. d4 exd4 10. cxd4 Bxb3 11. Qxb3 g6 12. Bg5 Be7 13. Bxe7 Qxe7 14. Qd5 Ndb8
15. Nbd2 Qe6 16. Rac1 Kd7 17. Qxe6+ fxe6 18. a3 Ne7 1/2-1/2

[Event "14. Lichtenberger Sommer"]
[Site "14. Lichtenberger Sommer"]
[Date "2015.08.22"]
[Round "8.104"]
[White "Fiedler, Ronald"]
[Black "Fock, Amina"]
[Result "1/2-1/2"]
[WhiteElo "1692"]
[BlackElo "1621"]
[PlyCount "63"]
[EventDate "2015.??.??"]
[WhiteTeam "Läufer Reinickendorf"]
[BlackTeam "SK International Berlin"]

1. d4 d5 2. c4 c6 3. cxd5 cxd5 4. Nc3 Nf6 5. Bf4 Bf5 6. e3 Nbd7 7. Bd3 Bxd3 8.
Qxd3 e6 9. Nge2 Bb4 10. O-O O-O 11. Nb5 a6 12. Nd6 b5 13. Rac1 Qb6 14. e4 Bxd6
15. e5 Ne4 16. f3 Nxe5 17. Bxe5 Bxe5 18. fxe4 dxe4 19. Qxe4 Bf6 20. Kh1 Rac8
21. Rc3 Rxc3 22. bxc3 Rc8 23. Qg4 Qd8 24. Qg3 g6 25. Qf3 Kg7 26. Ng3 e5 27. Ne4
Rc6 28. dxe5 Bxe5 29. Qxf7+ Kh6 30. g4 Qh4 31. g5+ Kh5 32. Qxh7+ 1/2-1/2

[Event "14. Lichtenberger Sommer"]
[Site "14. Lichtenberger Sommer"]
[Date "2015.08.22"]
[Round "8.105"]
[White "Raasch, Hauke"]
[Black "Tschirschwitz, Stephan"]
[Result "0-1"]
[WhiteElo "1211"]
[BlackElo "1551"]
[PlyCount "86"]
[EventDate "2015.??.??"]
[WhiteTeam "SC Eintracht Berlin e.V."]
[BlackTeam "Lasker Steglitz-Wilmersdorf"]

1. d4 d5 2. Nf3 Nf6 3. e3 Bg4 4. Be2 e6 5. Nbd2 c5 6. c3 Nc6 7. O-O Qc7 8. h3
Bh5 9. Re1 Be7 10. Qc2 c4 11. e4 dxe4 12. Nxe4 Bg6 13. Nxf6+ Bxf6 14. Qd2 Na5
15. Qf4 Qxf4 16. Bxf4 O-O 17. Be5 Be7 18. Bg3 Rac8 19. Ne5 Bc2 20. Bd1 Bxd1 21.
Raxd1 Rfd8 22. f4 Bf6 23. Re2 Rd6 24. Rde1 Bxe5 25. fxe5 Rd7 26. Rf1 b5 27. Be1
a6 28. Bd2 Rb8 29. Rb1 Nc6 30. b4 Ne7 31. Bf4 Nd5 32. Bd2 Nb6 33. Kh2 Nd5 34.
g3 Ra7 35. Ree1 a5 36. Ra1 axb4 37. cxb4 c3 38. Bc1 Nxb4 39. Re2 Nd3 40. Be3
Rba8 41. d5 Rd7 42. dxe6 fxe6 43. Rd1 b4 0-1

[Event "14. Lichtenberger Sommer"]
[Site "14. Lichtenberger Sommer"]
[Date "2015.08.22"]
[Round "8.106"]
[White "Wilke, Hans-Peter"]
[Black "Lippianowski, Stefan"]
[Result "1-0"]
[WhiteElo "1655"]
[BlackElo "1152"]
[PlyCount "95"]
[EventDate "2015.??.??"]
[WhiteTeam "Läufer Reinickendorf"]
[BlackTeam "SV Mattnetz Berlin"]

1. b4 d5 2. Bb2 Nf6 3. e3 a6 4. a4 Qd6 5. b5 e5 6. Nf3 Bg4 7. Bxe5 Qxe5 8. Nxe5
Bxd1 9. Kxd1 Bd6 10. Nf3 Ng4 11. h3 Nxf2+ 12. Kc1 Nxh1 13. c4 d4 14. Nxd4 Be5
15. Ra3 O-O 16. Nf3 Bf6 17. Nc3 Be7 18. Rb3 axb5 19. Nd5 Bd6 20. axb5 Ra1+ 21.
Rb1 Ba3+ 22. Kc2 Ra2+ 23. Kb3 Rb2+ 24. Rxb2 Bxb2 25. Kxb2 Nd7 26. Nxc7 Rc8 27.
Nd5 Kf8 28. Bd3 Nf2 29. Bf5 Ke8 30. Bxd7+ Kxd7 31. Nb6+ Kd8 32. Nxc8 Kxc8 33.
Ne5 f6 34. Nf3 Nd3+ 35. Kc3 Nf2 36. Kd4 Kc7 37. Kd5 b6 38. Nd4 Kd7 39. Nf5 g5
40. c5 bxc5 41. Nd6 Nd3 42. b6 Nb4+ 43. Kxc5 Na6+ 44. Kb5 Nb8 45. Ne4 f5 46.
Nxg5 h5 47. Nf3 Kc8 48. Nd4 1-0

[Event "14. Lichtenberger Sommer"]
[Site "14. Lichtenberger Sommer"]
[Date "2015.08.22"]
[Round "8.107"]
[White "Paris, Gerhard"]
[Black "Eichstädt, Torsten"]
[Result "0-1"]
[WhiteElo "1530"]
[BlackElo "1302"]
[PlyCount "64"]
[EventDate "2015.??.??"]
[WhiteTeam "TSG Oberschöneweide"]
[BlackTeam "SC Friesen Lichtenberg"]

1. e4 c6 2. d4 d5 3. e5 c5 4. c3 e6 5. Nf3 Ne7 6. Na3 a6 7. Nc2 Nbc6 8. Be2 Nf5
9. Bd3 cxd4 10. Bxf5 dxc3 11. Bd3 cxb2 12. Bxb2 Qa5+ 13. Qd2 Qxd2+ 14. Kxd2 Bc5
15. Rhf1 Bd7 16. Rac1 Bb4+ 17. Nxb4 Nxb4 18. Nd4 Nxa2 19. Rc2 b5 20. Ba3 b4 21.
Rb1 a5 22. Be2 Nc3 23. Rb3 Ba4 24. Rbb2 O-O 25. Nc6 Ne4+ 26. Ke3 bxa3 27. Rb7
a2 28. Ne7+ Kh8 29. Rc1 Nc5 30. Rc7 Nb3 31. Bh5 a1=Q 32. Bxf7 Qxe5+ 0-1

[Event "14. Lichtenberger Sommer"]
[Site "14. Lichtenberger Sommer"]
[Date "2015.08.22"]
[Round "8.108"]
[White "Scholz, Felix"]
[Black "Möller, Dirk"]
[Result "0-1"]
[WhiteElo "1100"]
[BlackElo "1571"]
[PlyCount "144"]
[EventDate "2015.??.??"]
[WhiteTeam "vereinslos"]
[BlackTeam "SC Kreuzberg"]

1. d4 d5 2. c4 c6 3. Nc3 Nf6 4. Nf3 e6 5. Bg5 Be7 6. e3 Nbd7 7. Bd3 dxc4 8.
Bxc4 b5 9. Bd3 O-O 10. O-O a6 11. Qc2 h6 12. Bxf6 Nxf6 13. Ne4 Bb7 14. Ne5 Qc7
15. Rac1 Rac8 16. Nc5 Bxc5 17. Qxc5 Rfd8 18. Rc2 Nd7 19. Nxd7 Rxd7 20. Be4 f5
21. Bf3 Rf7 22. Rfc1 f4 23. Bxc6 Bxc6 24. Qxc6 Qxc6 25. Rxc6 Rcf8 26. Rxe6 fxe3
27. fxe3 Rf2 28. Rxa6 Rxb2 29. Rf1 Rc8 30. h4 Rcc2 31. Rg6 Rxa2 32. e4 b4 33.
Rf3 Rc3 34. d5 Ra1+ 35. Rf1 Rcc1 36. Rxc1 Rxc1+ 37. Kf2 b3 38. Rb6 Rc2+ 39. Ke3
b2 40. d6 Kf7 41. Rb7+ Ke6 42. d7 Ke7 43. e5 Rxg2 44. e6 Rg6 45. d8=Q+ Kxd8 46.
e7+ Ke8 47. Kd3 Rg4 48. Rxb2 Rxh4 49. Rg2 Rh3+ 50. Ke4 g5 51. Kf5 Kxe7 52. Kg4
Rh1 53. Rg3 Kf6 54. Ra3 h5+ 55. Kg3 Re1 56. Kf2 Re5 57. Rh3 h4 58. Kf3 Kf5 59.
Kg2 Kg4 60. Rh1 Re3 61. Rg1 Rg3+ 62. Kf2 Rxg1 63. Kxg1 h3 64. Kh2 Kh4 65. Kg1
g4 66. Kh2 g3+ 67. Kh1 Kg4 68. Kg1 Kf3 69. Kh1 g2+ 70. Kg1 h2+ 71. Kxh2 Kf2 72.
Kh3 g1=Q 0-1

[Event "14. Lichtenberger Sommer"]
[Site "14. Lichtenberger Sommer"]
[Date "2015.08.22"]
[Round "8.109"]
[White "Dittrich, Hans-Juergen"]
[Black "Koerber, Bernhard"]
[Result "0-1"]
[WhiteElo "1401"]
[BlackElo "1603"]
[PlyCount "92"]
[EventDate "2015.??.??"]
[WhiteTeam "vereinslos"]
[BlackTeam "Lasker Steglitz-Wilmersdorf"]

1. c4 Nf6 2. g3 g6 3. Bg2 c5 4. Nc3 Bg7 5. Nf3 O-O 6. O-O Nc6 7. a3 Rb8 8. a4
a6 9. d3 d6 10. h3 Bd7 11. Kh2 e5 12. Nd2 Qc8 13. Nde4 Qc7 14. Nxf6+ Bxf6 15.
Nd5 Qd8 16. Bh6 Bg7 17. Qd2 Bxh6 18. Qxh6 Nd4 19. e3 Nc2 20. Rac1 Bxa4 21. h4
Nb4 22. Nxb4 cxb4 23. Qg5 Qxg5 24. hxg5 b6 25. Bd5 Bd7 26. f3 Kg7 27. g4 Rh8
28. Kg3 h6 29. gxh6+ Rxh6 30. Rh1 Rbh8 31. Rxh6 Rxh6 32. f4 f6 33. Rh1 Rxh1 34.
Bxh1 Ba4 35. Be4 Bb3 36. Kf2 a5 37. Ke2 a4 38. Kd2 a3 39. bxa3 bxa3 40. Kc1 a2
41. Kb2 g5 42. f5 Kf7 43. Bd5+ Ke7 44. e4 Kd7 45. Ba8 Kc7 46. Bd5 Bd1 0-1

[Event "14. Lichtenberger Sommer"]
[Site "14. Lichtenberger Sommer"]
[Date "2015.08.22"]
[Round "8.110"]
[White "Bartoszewski-Reiski, Olaf"]
[Black "Hamm, Oliver"]
[Result "1-0"]
[WhiteElo "1383"]
[BlackElo "1413"]
[PlyCount "117"]
[EventDate "2015.??.??"]
[WhiteTeam "BKS Chemik Bydgoszcz"]
[BlackTeam "SC Eintracht Berlin e.V."]

1. e4 d5 2. exd5 Qxd5 3. Nc3 Qa5 4. d4 c6 5. Nf3 Bf5 6. Bc4 e6 7. a3 Nf6 8. Bf4
Nbd7 9. O-O Be7 10. h3 b5 11. Bb3 Nb6 12. Qe2 O-O 13. Bd2 Qa6 14. a4 Nc4 15.
axb5 Qb7 16. Qxc4 cxb5 17. Qe2 Rac8 18. Rfc1 a6 19. Nh4 Rfe8 20. Nxf5 exf5 21.
Qf1 Rb8 22. Be1 Qd7 23. Qd3 Bd6 24. Na2 Bc7 25. Bd2 Qd6 26. g3 Ne4 27. Bf4 Qb6
28. Bxc7 Qxc7 29. Bd5 Rbd8 30. Bxe4 Rxe4 31. c3 Qd6 32. Re1 Rde8 33. Rxe4 Rxe4
34. Nb4 Qh6 35. Kh2 g6 36. Nxa6 Qh5 37. f3 Re8 38. d5 g5 39. d6 g4 40. fxg4
fxg4 41. h4 Qg6 42. Qxg6+ hxg6 43. Nc5 Rd8 44. d7 Kf8 45. Re1 f6 46. Ne6+ Ke7
47. Nxd8+ Kxd8 48. Rd1 f5 49. Kg2 f4 50. gxf4 b4 51. c4 b3 52. c5 g5 53. fxg5
g3 54. Kxg3 Kc7 55. d8=Q+ Kc6 56. Qd6+ Kb5 57. Rc1 Ka5 58. Qb6+ Ka4 59. Ra1#
1-0

[Event "14. Lichtenberger Sommer"]
[Site "14. Lichtenberger Sommer"]
[Date "2015.08.22"]
[Round "8.111"]
[White "Toth, Hans-Jürgen"]
[Black "Jiranek, Benno"]
[Result "1-0"]
[WhiteElo "1571"]
[BlackElo "1454"]
[PlyCount "75"]
[EventDate "2015.??.??"]
[WhiteTeam "SF Zehdenick"]
[BlackTeam "SC Kreuzberg"]

1. f4 d5 2. Nf3 g6 3. e3 c5 4. Be2 Bd7 5. O-O Nf6 6. d3 e6 7. Ne5 c4 8. dxc4
Bc6 9. cxd5 exd5 10. c3 Nbd7 11. Nxc6 bxc6 12. Nd2 Bc5 13. Nf3 Ne4 14. Nd4 Bxd4
15. cxd4 h5 16. Bd2 f5 17. Rc1 Qc7 18. Bb5 Nb8 19. Bd3 Nd7 20. Bxe4 fxe4 21.
Qa4 Nb6 22. Qxc6+ Qxc6 23. Rxc6 Kf7 24. b3 Rhc8 25. Rxc8 Rxc8 26. Rc1 Rxc1+ 27.
Bxc1 Ke6 28. Ba3 Kd7 29. Bc5 Kc6 30. Kf2 a5 31. Kg3 Nd7 32. Be7 Kb5 33. Kh4 a4
34. Kg5 Nb8 35. Kxg6 Na6 36. f5 Nb4 37. Bxb4 Kxb4 38. bxa4 1-0

[Event "14. Lichtenberger Sommer"]
[Site "14. Lichtenberger Sommer"]
[Date "2015.08.22"]
[Round "8.112"]
[White "Allaart, Janne"]
[Black "Hömke, Holger"]
[Result "0-1"]
[WhiteElo "1454"]
[BlackElo "1568"]
[PlyCount "56"]
[EventDate "2015.??.??"]
[WhiteTeam "HMC Den Bosch"]
[BlackTeam "SK Zehlendorf"]

1. e4 e6 2. d4 d5 3. exd5 exd5 4. Nf3 Nf6 5. Bg5 Be7 6. Be2 O-O 7. O-O Bf5 8.
Nc3 c6 9. Bd3 Bg4 10. h3 Bh5 11. Re1 Nbd7 12. Qe2 Re8 13. Qd1 Bxf3 14. Qxf3 Qb6
15. Qd1 Qxb2 16. Qd2 Bb4 17. Rab1 Qxc3 18. Rxb4 Rxe1+ 19. Bf1 Qa1 20. Qd3 Rae8
21. Rxb7 Rxf1+ 22. Qxf1 Re1 23. Bxf6 Rxf1+ 24. Kh2 gxf6 25. Rxd7 Qxd4 26. Rd8+
Kg7 27. a3 Qf4+ 28. g3 Qxf2# 0-1

[Event "14. Lichtenberger Sommer"]
[Site "14. Lichtenberger Sommer"]
[Date "2015.08.22"]
[Round "8.113"]
[White "Janse, Circe"]
[Black "Franke, Philipp"]
[Result "1-0"]
[WhiteElo "850"]
[BlackElo "1206"]
[PlyCount "47"]
[EventDate "2015.??.??"]
[WhiteTeam "SSV Klim-Op"]
[BlackTeam "SC Weisse Dame (Berlin)"]

1. e4 c5 2. Nf3 d6 3. d4 cxd4 4. Nxd4 Nf6 5. Nc3 g6 6. f3 Bg7 7. Be3 O-O 8. Qd2
Nc6 9. O-O-O d5 10. exd5 Nxd5 11. Nxc6 bxc6 12. Nxd5 cxd5 13. Qxd5 Qxd5 14.
Rxd5 Be6 15. Rd1 Bxa2 16. b3 a5 17. Bb5 Rfc8 18. Rd3 Rc3 19. Rxc3 Bxc3 20. Rd1
Kg7 21. Bd4+ Bxd4 22. Rxd4 Rc8 23. Ba4 e5 24. Rd5 1-0

[Event "14. Lichtenberger Sommer"]
[Site "14. Lichtenberger Sommer"]
[Date "2015.08.22"]
[Round "8.116"]
[White "Kriuckova, Sonia"]
[Black "Semenishchev, Vladimir"]
[Result "1-0"]
[WhiteElo "1256"]
[BlackElo "750"]
[PlyCount "43"]
[EventDate "2015.??.??"]
[WhiteTeam "SV Empor Berlin"]
[BlackTeam "SC Friesen Lichtenberg"]

1. e4 c5 2. d4 cxd4 3. c3 Nf6 4. e5 Ne4 5. Qf3 d5 6. exd6 Qxd6 7. Qxe4 Nc6 8.
Bb5 Bd7 9. Nf3 a6 10. Bxc6 Bxc6 11. Qd3 O-O-O 12. O-O dxc3 13. Qxd6 Rxd6 14.
Nxc3 Bxf3 15. gxf3 Rg6+ 16. Kh1 Rf6 17. f4 g6 18. Be3 Re6 19. Rac1 Rb6 20. Bxb6
Bh6 21. Rfd1 Rd8 22. Rxd8# 1-0

[Event "14. Lichtenberger Sommer"]
[Site "14. Lichtenberger Sommer"]
[Date "2015.08.22"]
[Round "8.118"]
[White "Grothe, Michael"]
[Black "Ziegel, Mandy Marie"]
[Result "0-1"]
[WhiteElo "1220"]
[BlackElo "1582"]
[PlyCount "60"]
[EventDate "2015.??.??"]
[WhiteTeam "vereinslos"]
[BlackTeam "SC Zugzwang 95 (Berlin)"]

1. e4 d5 2. exd5 Qxd5 3. Nc3 Qd6 4. Nf3 a6 5. Bc4 Bg4 6. h3 Bh5 7. O-O e6 8.
Ne4 Qd7 9. c3 Nc6 10. d4 O-O-O 11. Be3 Nge7 12. g4 Bg6 13. Nc5 Qe8 14. b4 Nd5
15. Qc1 h5 16. g5 f6 17. Nh4 Bf7 18. f4 e5 19. Ng2 exf4 20. Bxf4 Nxf4 21. Bxf7
Ne2+ 22. Kf2 Qxf7 23. Kxe2 Re8+ 24. Kd3 Qg6+ 25. Kc4 Bxc5 26. Kxc5 Qd3 27. a4
Ne5 28. Ne3 b6+ 29. Kd5 Rd8+ 30. Ke6 Rhe8# 0-1

[Event "14. Lichtenberger Sommer"]
[Site "14. Lichtenberger Sommer"]
[Date "2015.08.23"]
[Round "9.1"]
[White "Poetsch, Hagen"]
[Black "Abel, Dennes"]
[Result "1/2-1/2"]
[WhiteElo "2498"]
[BlackElo "2435"]
[PlyCount "25"]
[EventDate "2015.??.??"]
[WhiteTeam "SF Schöneck"]
[BlackTeam "SK Ricklingen"]

1. e4 c6 2. Nc3 d5 3. Nf3 Bg4 4. h3 Bh5 5. exd5 cxd5 6. g4 Bg6 7. Ne5 Nc6 8. d4
e6 9. h4 f6 10. h5 Bf7 11. Nxf7 Kxf7 12. Ne2 Bd6 13. c3 1/2-1/2

[Event "14. Lichtenberger Sommer"]
[Site "14. Lichtenberger Sommer"]
[Date "2015.08.23"]
[Round "9.2"]
[White "Gullaksen, Eirik"]
[Black "Stern, René"]
[Result "1/2-1/2"]
[WhiteElo "2345"]
[BlackElo "2536"]
[PlyCount "144"]
[EventDate "2015.??.??"]
[WhiteTeam "Bergens schakklub"]
[BlackTeam "SK König Tegel"]

1. e4 e5 2. Nf3 Nc6 3. Bb5 a6 4. Ba4 Nf6 5. O-O Be7 6. Re1 b5 7. Bb3 d6 8. c3
O-O 9. d4 Bg4 10. d5 Na5 11. Bc2 c5 12. h3 Bd7 13. Nbd2 Qc7 14. Nf1 c4 15. Ng3
Nb7 16. Bg5 Rfc8 17. Qd2 Qd8 18. a4 Nc5 19. axb5 axb5 20. Be3 Qc7 21. Nh2 Bf8
22. f4 exf4 23. Bxf4 Rxa1 24. Rxa1 Be8 25. Nf3 Nfd7 26. Nf5 g6 27. N5d4 Ne5 28.
Bg3 Bd7 29. Kh2 Re8 30. Nxe5 dxe5 31. Qf2 Be7 32. Nf3 f6 33. Qe3 Kg7 34. Kh1
Bd6 35. Nd2 Rb8 36. Bh4 Be7 37. Bf2 Qc8 38. Qe1 Ra8 39. Qg1 Nb7 40. Bb6 Bd6 41.
Kh2 Be7 42. Nf3 Nd8 43. Rxa8 Qxa8 44. Bc5 Bxc5 45. Qxc5 Nf7 46. Qc7 Qd8 47. Qc5
Qc8 48. Qe7 Qc7 49. Kg3 Qd6 50. Qxd6 Nxd6 51. Kf2 Kf7 52. Ke3 Ke7 53. b3 cxb3
54. Bxb3 Kd8 55. Nd2 Kc7 56. c4 Kb6 57. cxb5 Bxb5 58. Bc2 Kc5 59. g3 Kb4 60.
Bd1 Kc3 61. Bg4 Bd3 62. Be6 f5 63. Bg8 fxe4 64. g4 h6 65. Bh7 g5 66. Bxe4 Bc4
67. Nf3 Bf1 68. Nxe5 Bxh3 69. Bf3 Kb4 70. Kd4 Nb5+ 71. Ke4 Nd6+ 72. Kd4 Nb5+
1/2-1/2

[Event "14. Lichtenberger Sommer"]
[Site "14. Lichtenberger Sommer"]
[Date "2015.08.23"]
[Round "9.3"]
[White "Jahnz, Fabian"]
[Black "Malek, Daniel"]
[Result "0-1"]
[WhiteElo "2224"]
[BlackElo "2398"]
[PlyCount "160"]
[EventDate "2015.??.??"]
[WhiteTeam "SK König Tegel"]
[BlackTeam "SK Zehlendorf"]

1. e4 c6 2. d4 d5 3. Nd2 dxe4 4. Nxe4 Bf5 5. Ng3 Bg6 6. Nf3 Nd7 7. Bd3 e6 8.
O-O Ngf6 9. Re1 Qc7 10. Ne5 Bxd3 11. Nxd3 Bd6 12. Qf3 O-O 13. b3 a5 14. Bb2 a4
15. c4 Ra6 16. Ne5 Rfa8 17. Nxd7 Nxd7 18. Qc3 Be7 19. Qf3 Nf6 20. Ne2 Qa5 21.
Bc3 Bb4 22. Rab1 axb3 23. axb3 h6 24. h3 Bxc3 25. Qxc3 Qg5 26. Ng3 Ra2 27. Ra1
Qf4 28. Rxa2 Rxa2 29. Qe3 Qxe3 30. Rxe3 Ra1+ 31. Kh2 Rb1 32. Ne2 Kf8 33. Kg3
Ke7 34. Nc3 Rb2 35. Kf3 Kd7 36. Na4 Rd2 37. Nc5+ Kc7 38. Rd3 Rc2 39. Ke3 b6 40.
Na4 Nd7 41. Nc3 e5 42. Ne2 Rb2 43. g4 g6 44. Rc3 exd4+ 45. Nxd4 Nc5 46. Kf3 Kd6
47. Re3 Rd2 48. Ne2 Nd3 49. Re8 Ne5+ 50. Ke3 Rb2 51. Nd4 Nd7 52. Rd8 c5 53.
Nb5+ Ke7 54. Rh8 Rxb3+ 55. Ke4 Nf6+ 56. Ke5 Rxh3 57. g5 Rh5 58. f4 Nd7+ 59. Ke4
hxg5 60. Rxh5 f5+ 61. Ke3 gxf4+ 62. Kxf4 gxh5 63. Kxf5 h4 64. Kf4 Ke6 65. Nc7+
Kd6 66. Nb5+ Kc6 67. Nc3 Kb7 68. Nd5 Ka6 69. Ne3 Ka5 70. Kg4 Kb4 71. Kxh4 Kb3
72. Kg3 Ne5 73. Kf2 Nxc4 74. Nd5 b5 75. Nc7 Nd6 76. Ke2 c4 77. Kd2 b4 78. Kc1
c3 79. Ne6 Ne4 80. Kb1 Kc4 0-1

[Event "14. Lichtenberger Sommer"]
[Site "14. Lichtenberger Sommer"]
[Date "2015.08.23"]
[Round "9.4"]
[White "Dauth, Benjamin"]
[Black "Berger, Steve"]
[Result "1-0"]
[WhiteElo "2360"]
[BlackElo "2420"]
[PlyCount "61"]
[EventDate "2015.??.??"]
[WhiteTeam "SC Rotation Pankow"]
[BlackTeam "SK König Tegel"]

1. e4 e6 2. d4 d5 3. exd5 exd5 4. Bd3 c5 5. dxc5 Bxc5 6. Nf3 Nf6 7. O-O O-O 8.
h3 Qd6 9. Nbd2 Qg3 10. Ng5 Bb6 11. Nb3 h6 12. Kh1 Bxf2 13. Qe2 hxg5 14. Rxf2
Re8 15. Qf1 Nc6 16. Bd2 g4 17. Rxf6 gxf6 18. Qxf6 Re6 19. Qg5+ Kf8 20. Nc5 Qe5
21. Nxe6+ Bxe6 22. Bb4+ Ke8 23. Qg8+ Kd7 24. Qxa8 Kc7 25. Qf8 gxh3 26. gxh3
Bxh3 27. Qxf7+ Kb6 28. Bd2 Be6 29. Qf4 Qh5+ 30. Qh2 Qf3+ 31. Kg1 1-0

[Event "14. Lichtenberger Sommer"]
[Site "14. Lichtenberger Sommer"]
[Date "2015.08.23"]
[Round "9.5"]
[White "Ortmann, David"]
[Black "Figura, Atila Gajo"]
[Result "1/2-1/2"]
[WhiteElo "2302"]
[BlackElo "2384"]
[PlyCount "107"]
[EventDate "2015.??.??"]
[WhiteTeam "SC Böblingen"]
[BlackTeam "SC Kreuzberg"]

1. d4 Nf6 2. c4 g6 3. Nc3 d5 4. cxd5 Nxd5 5. e4 Nxc3 6. bxc3 Bg7 7. Nf3 c5 8.
Bb5+ Bd7 9. Bxd7+ Nxd7 10. O-O O-O 11. Rb1 Qc7 12. Bg5 Nf6 13. Qe2 e6 14. Rfe1
b6 15. Qd2 cxd4 16. cxd4 Rac8 17. Rbc1 Qb7 18. Rxc8 Rxc8 19. Qf4 Qc7 20. Qh4
Ne8 21. h3 f6 22. Bd2 Qd7 23. d5 exd5 24. exd5 Qxd5 25. Qa4 b5 26. Qxa7 Ra8 27.
Qb6 Nd6 28. Re7 Bf8 29. Rd7 Qe6 30. Qc7 Rxa2 31. Rd8 Ra1+ 32. Kh2 Nf7 33. Rb8
Kg7 34. Bh6+ Kxh6 35. Rxf8 Kg7 36. Rd8 Ra2 37. Kh1 Ra1+ 38. Kh2 Ra2 39. Kg1 b4
40. Rb8 Ra1+ 41. Kh2 Rc1 42. Nd4 Qe5+ 43. Qxe5 fxe5 44. Nb3 Rc2 45. Kg1 Rc4 46.
Na5 Rc1+ 47. Kh2 Rc5 48. Nb3 Rc2 49. Kg1 Rb2 50. Rxb4 Nd6 51. g3 Kf6 52. Rb8
Ne4 53. Nc5 Rxb8 54. Nd7+ 1/2-1/2

[Event "14. Lichtenberger Sommer"]
[Site "14. Lichtenberger Sommer"]
[Date "2015.08.23"]
[Round "9.6"]
[White "Kalinitschew, Sergey"]
[Black "Lerch, Philipp"]
[Result "0-1"]
[WhiteElo "2410"]
[BlackElo "2302"]
[PlyCount "104"]
[EventDate "2015.??.??"]
[WhiteTeam "SC Kreuzberg"]
[BlackTeam "SC Kreuzberg"]

1. d4 d5 2. c4 dxc4 3. e3 Nf6 4. Bxc4 e6 5. Nf3 a6 6. O-O c5 7. Bd3 Nc6 8. dxc5
Bxc5 9. a3 O-O 10. b4 Bd6 11. Bb2 e5 12. Nc3 Bg4 13. Ne4 Nxe4 14. Bxe4 Qe7 15.
Rc1 Rac8 16. h3 Bh5 17. Qd3 Bg6 18. Bxg6 hxg6 19. Qe4 Rfd8 20. Rfd1 Bb8 21. Qg4
Rxd1+ 22. Rxd1 Rd8 23. Rxd8+ Qxd8 24. Ng5 e4 25. h4 Ne5 26. Bxe5 Bxe5 27. g3 f5
28. Qe2 Qd5 29. Qc2 Kf8 30. Qc8+ Ke7 31. Kg2 Bf6 32. Nh3 Be5 33. Ng5 Bf6 34.
Nh3 Be5 35. h5 gxh5 36. Qxf5 Kd6 37. Ng5 Bb2 38. Nxe4+ Kc6 39. Qg6+ Kb5 40. f3
Ka4 41. Nc5+ Kxa3 42. Qc2 b5 43. Nd3 Bf6 44. Qc1+ Kb3 45. Nc5+ Kxb4 46. Nxa6+
Ka5 47. Qa3+ Kb6 48. Nb4 Qd2+ 49. Kh3 Qd1 50. Qa2 Qh1+ 51. Qh2 Qxf3 52. Qg1
Qg4+ 0-1

[Event "14. Lichtenberger Sommer"]
[Site "14. Lichtenberger Sommer"]
[Date "2015.08.23"]
[Round "9.7"]
[White "Krefenstein, Sergej"]
[Black "Muse, Drazen"]
[Result "1-0"]
[WhiteElo "2184"]
[BlackElo "2408"]
[PlyCount "83"]
[EventDate "2015.??.??"]
[WhiteTeam "TuS Makkabi Berlin"]
[BlackTeam "SK König Tegel"]

1. e4 g6 2. f4 d5 3. exd5 Nf6 4. Bb5+ Bd7 5. Bc4 b5 6. Bb3 Bg4 7. Nf3 Nxd5 8.
h3 Bc8 9. d4 Bg7 10. O-O O-O 11. Ne5 e6 12. c3 Bb7 13. Qe2 c5 14. Qxb5 Ba6 15.
Qxc5 Bxf1 16. Kxf1 Nd7 17. Qd6 Nxe5 18. fxe5 Qh4 19. Bxd5 Rad8 20. Qa6 Rxd5 21.
Nd2 Qe7 22. Nf3 Qc7 23. Bd2 Ra5 24. Qe2 Qb7 25. b3 Qa6 26. Qxa6 Rxa6 27. a4 f6
28. exf6 Bxf6 29. Ke2 Re8 30. Bf4 Rc8 31. Kd3 Rb6 32. b4 Be7 33. b5 Rf8 34. Be5
Rb7 35. c4 Rd7 36. Re1 Bb4 37. Re2 h6 38. Bg3 Re8 39. Ne5 Rb7 40. c5 Ba5 41.
Nc4 Bc7 42. c6 1-0

[Event "14. Lichtenberger Sommer"]
[Site "14. Lichtenberger Sommer"]
[Date "2015.08.23"]
[Round "9.8"]
[White "Bazarov, Konstantin"]
[Black "Lorenz, Sascha"]
[Result "1-0"]
[WhiteElo "2321"]
[BlackElo "2222"]
[PlyCount "105"]
[EventDate "2015.??.??"]
[WhiteTeam "Moscow"]
[BlackTeam "SK König Tegel"]

1. d4 f5 2. Nf3 Nf6 3. g3 e6 4. Bg2 Be7 5. O-O O-O 6. c4 d6 7. b4 Ne4 8. Bb2 a5
9. b5 a4 10. Na3 Bf6 11. Ne1 c6 12. f3 Ng5 13. h4 Nf7 14. f4 e5 15. dxe5 dxe5
16. Qxd8 Rxd8 17. Nec2 cxb5 18. cxb5 Nd7 19. Rad1 e4 20. Bxf6 Nxf6 21. Rxd8+
Nxd8 22. Rd1 Be6 23. Nb4 Rc8 24. Nac2 g6 25. e3 Bf7 26. Rd6 Kg7 27. Rd2 Ne6 28.
Bf1 Rc3 29. Be2 Nc7 30. Kf2 Ncd5 31. Rd4 Nb6 32. Ke1 Rc5 33. Kd2 Bc4 34. Bxc4
Nxc4+ 35. Ke2 Nb6 36. Rd6 Rxb5 37. a3 Nc4 38. Rd4 Rc5 39. Rd8 Kf7 40. Ra8 b5
41. Ra7+ Ke8 42. Na6 Rc6 43. Nd4 Rb6 44. Nc7+ Kd8 45. Ncxb5 Nd5 46. Rxa4 Ncxe3
47. Ra8+ Kd7 48. a4 Rb7 49. Rh8 Nc4 50. Rxh7+ Ne7 51. h5 Nd6 52. hxg6 Nxb5 53.
axb5 1-0

[Event "14. Lichtenberger Sommer"]
[Site "14. Lichtenberger Sommer"]
[Date "2015.08.23"]
[Round "9.10"]
[White "Brüdigam, Martin"]
[Black "Zur, Jan"]
[Result "1-0"]
[WhiteElo "2371"]
[BlackElo "2103"]
[PlyCount "75"]
[EventDate "2015.??.??"]
[WhiteTeam "SK König Tegel"]
[BlackTeam "SC Rotation Pankow"]

1. e4 e5 2. Nf3 Nf6 3. Nxe5 d6 4. Nf3 Nxe4 5. d4 d5 6. Bd3 Nc6 7. O-O Be7 8. c4
Nb4 9. Be2 O-O 10. Nc3 Bf5 11. a3 Nxc3 12. bxc3 Nc6 13. Re1 Re8 14. Bf4 Bd6 15.
Bg5 Be7 16. Bxe7 Nxe7 17. Qb3 b6 18. cxd5 Nxd5 19. Ne5 Qd6 20. Bb5 Rf8 21. Bc6
Rad8 22. Bxd5 Qxd5 23. Qxd5 Rxd5 24. Nc6 Kh8 25. Re7 Rd7 26. Rae1 h6 27. f3 a5
28. g4 Rd6 29. Rxc7 Be6 30. Ne5 Kh7 31. Kf2 b5 32. Rb1 f6 33. Nc6 Bd5 34. Ne7
Bc4 35. Nf5 Rd5 36. Ne3 Rd6 37. Nxc4 bxc4 38. Rbb7 1-0